EMPLEO PARA TODOS: EL RETO Y LOS CAMINOS/
INCLUYE BIBLIOGRAFIA
Збережено в:
| Автор: | |
|---|---|
| Формат: | Книга |
| Предмети: | |
| Теги: |
Немає тегів, Будьте першим, хто поставить тег для цього запису!
|
MARC
| LEADER | 00000nam^a2200000^a^4500 | ||
|---|---|---|---|
| 001 | 000224107 | ||
| 005 | 20250521000000.0 | ||
| 009 | 20260310104037.977 | ||
| 020 | |a 968-16-2826-8 | ||
| 035 | |a 043151 | ||
| 037 | |a Acervo Xavier Clavigero | ||
| 082 | |a 331. 2 TRE | ||
| 100 | |a Trejo Reyes, Saúl |e (autor) | ||
| 245 | 1 | 0 | |a EMPLEO PARA TODOS: |b EL RETO Y LOS CAMINOS/ |c SAUL TREJO REYES |
| 264 | |a MEXICO : |b FONDO DE CULTURA ECONOMICA, |c 1988 | ||
| 300 | |a 199p. : |b tbs. | ||
| 336 | |a texto |b txt |2 rdacontenido | ||
| 337 | |a sin mediación |b n |2 rdamedio | ||
| 338 | |a volumen |b nc |2 rdasoporte | ||
| 520 | |a INCLUYE BIBLIOGRAFIA | ||
| 649 | |a XX | ||
| 650 | |a Empleo y Desempleo | ||
| 650 | |a TRABAJO Y TRABAJADORES - |x MEXICO | ||
| 910 | |a Fondo General | ||
| 920 | |a Impresos - Libros | ||
| 930 | |a Colección General | ||
| 905 | |a 101 | ||
| 901 | |a 043151 |b IT1 |c ACC |i 043151 |u 20250521 | ||
| 902 | |a https://opac.biblio.iteso.mx/vufind/Record/000224107 | ||